|
|
|
|
| LEADER |
00971nam a2200277 a 4500 |
| 001 |
2988 |
| 003 |
BD-DhAAL |
| 005 |
20150312100848.0 |
| 008 |
150312s1997 ilua b 001 0 eng |
| 010 |
|
|
|a 96011275
|
| 020 |
|
|
|a 0256187789
|
| 040 |
|
|
|a DLC
|c DLC
|d DLC
|d BD-DhAAL
|
| 050 |
0 |
0 |
|a HF5415.153
|b .C72 1997
|
| 082 |
0 |
0 |
|a 658.5/75
|2 20
|
| 100 |
1 |
|
|a Crawford, C. Merle
|q (Charles Merle),
|d 1924-
|9 9453
|
| 245 |
1 |
0 |
|a New products management /
|c C. Merle Crawford.
|
| 250 |
|
|
|a 5th ed.
|
| 260 |
|
|
|a Chicago :
|b Irwin,
|c c1997.
|
| 300 |
|
|
|a xxix, 508 p. :
|b ill. ;
|c 25 cm.
|
| 490 |
|
|
|a The Irwin series in marketing
|
| 504 |
|
|
|a Includes bibliographical references (p. 453-455) and index.
|
| 541 |
|
|
|e 2988
|
| 650 |
|
0 |
|a New products
|x Management.
|9 8880
|
| 942 |
|
|
|2 ddc
|c BK
|
| 999 |
|
|
|c 33987
|d 33987
|
| 952 |
|
|
|0 0
|1 0
|2 ddc
|4 0
|6 658_575000000000000_CRA
|7 0
|9 53045
|a SCL
|b SCL
|c GEN
|d 2015-03-12
|e Gift: The Asia Foundation
|l 0
|o 658.575 CRA
|p 3020002988
|r 2015-03-12
|t 1
|w 2015-03-12
|y BK
|